| 000 | 00546nam a22001575i 4500 | ||
|---|---|---|---|
| 001 | 48308 | ||
| 003 | ES-MaACL | ||
| 007 | t| | ||
| 008 | 950712m18611871gw ||||1| ger d | ||
| 040 |
_aCAM _bspa _cCAM |
||
| 100 | 1 |
_aDahn, Felix. _942450 |
|
| 245 | 1 | 4 |
_aDie könige der Germanen _b: Das Mesen des èaltesten Rönigthums der germanischen Stèamme und seine Geschichte bis auf die Teudalzeit... / _cvon Felix Dahn... |
| 260 |
_aMünchen : _bF. U. Fleischmann's Buchhanblung, _c1861. |
||
| 300 |
_a6 v. ; _c23 cm. |
||
| 852 |
_aES-MaACL _jG-2777-82 |
||
| 999 |
_c48308 _d48308 |
||